| 000 | 00544nam a22001817a 4500 | ||
|---|---|---|---|
| 005 | 20251108172258.0 | ||
| 008 | 250721s1993 xx 000 0 ara d | ||
| 082 | 1 | 4 | _aط/581/نبا |
| 245 | 1 | 0 | _aالنباتات / |
| 250 | _aط3 | ||
| 264 | 1 |
_aالقاهره : _bالدار الدولية للنشر و التوزيع، _c1993. |
|
| 300 | _a32ص | ||
| 490 | 0 | _aالعالم الصغير | |
| 650 | 1 | 7 | _aالنباتات |
| 710 | 2 | _aقسم الترجمة و النشر بالدار الدولية | |
| 942 |
_2ddc _cBK |
||
| 999 |
_c74978 _d74978 |
||